Detalles MARC
| 000 -CABECERA |
| campo de control de longitud fija |
00951nam a2200229 a 4500 |
| 001 - NÚMERO DE CONTROL |
| campo de control |
000043271 |
| 005 - FECHA Y HORA DE LA ÚLTIMA TRANSACCIÓN |
| campo de control |
20201002040757.0 |
| 008 - DATOS DE LONGITUD FIJA--INFORMACIÓN GENERAL |
| campo de control de longitud fija |
140303s2007 sp 000 0 spa d |
| 020 ## - NÚMERO INTERNACIONAL ESTÁNDAR DEL LIBRO |
| Número Internacional Estándar del Libro |
9788483470275 |
| 040 ## - FUENTE DE LA CATALOGACIÓN |
| Centro catalogador/agencia de origen |
DO-SdBNP |
| Lengua de catalogación |
spa |
| Centro/agencia transcriptor |
BNPHU |
| 100 1# - ENTRADA PRINCIPAL--NOMBRE DE PERSONA |
| Nombre de persona |
Teresa de Mier, José Servando |
| Títulos y otros términos asociados al nombre |
fray |
| 9 (RLIN) |
70887 |
| 245 10 - MENCIÓN DE TÍTULO |
| Título |
Fray Servando Teresa de Mier / |
| Mención de responsabilidad, etc. |
Mier Noriega y Guerra, ; introducción y edición de Manuel Ortuño Martínez. |
| 260 ## - PUBLICACIÓN, DISTRIBUCIÓN, ETC. |
| Lugar de publicación, distribución, etc. |
Madrid : |
| Nombre del editor, distribuidor, etc. |
Agencia Española de Cooperación Internacional, |
| Fecha de publicación, distribución, etc. |
2007. |
| 300 ## - DESCRIPCIÓN FÍSICA |
| Extensión |
156 p. ; |
| Dimensiones |
24 cm. |
| 490 1# - MENCIÓN DE SERIE |
| Mención de serie |
Antología del pensamiento político, social y económico de América latina ; |
| Designación de volumen o secuencia |
21 |
| 490 1# - MENCIÓN DE SERIE |
| Mención de serie |
Ciencias y humanismo |
| 504 ## - NOTA DE BIBLIOGRAFÍA, ETC. |
| Nota de bibliografía, etc. |
Bibliografía : p. 155-[157] |
| 700 1# - PUNTO DE ACCESO ADICIONAL--NOMBRE DE PERSONA |
| Nombre de persona |
Ortuño Martínez, Manuel, |
| Término indicativo de función/relación |
ed. |
| 9 (RLIN) |
70888 |
| 700 1# - PUNTO DE ACCESO ADICIONAL--NOMBRE DE PERSONA |
| Nombre de persona |
Mier, Teresa de |
| 9 (RLIN) |
70889 |
| 830 #0 - PUNTO DE ACCESO ADICIONAL DE SERIE-TÍTULO UNIFORME |
| Título uniforme |
Antología del pensamiento político, social y económico de América latina |
| Designación de volumen o secuencia |
21 |
| 9 (RLIN) |
70870 |
| 830 #0 - PUNTO DE ACCESO ADICIONAL DE SERIE-TÍTULO UNIFORME |
| Título uniforme |
Ciencias y humanismo |
| 9 (RLIN) |
70218 |